00447cam a22001217a 4500008004000000082001300040100002100053245017200074260003400246300000900280500000800289650002800297180718b1961 xxu||||| |||| 00| 0 eng d aD4 F3271 aFeinberg, Nathan aLegality of a "State of war" after the cessation of hostilities, under the charter of the United Nations and the Convenant of the League of Nationscby Nathan Feinberg aJerusalembMagnes Pressc1961 a86p. a8/- aWar (International law)